000 00338nam a2200121Ia 4500
005 20251222154328.0
008 251222s9999||||xx |||||||||||||| ||spa||
082 _a658.404/B38J/2004
100 _a"Beltrán Barco, ArletteCueva Beteta, Hanny"
245 0 _aEjercicios de evaluación privada de proyectos
250 _a3a.ed.
942 _cLIB
999 _c34057
_d34057